|
|
|
|
| LEADER |
00000nam a2200000Ii 4500 |
| 001 |
DIGCUMD0323 |
| 003 |
NyNyDIG |
| 006 |
m o d |
| 007 |
cr ||||||||||| |
| 008 |
241001s2023 ck a o 000 0 spa d |
| 035 |
|
|
|a (OCoLC)1460842601
|
| 040 |
|
|
|a DGITA
|b eng
|e rda
|e pn
|c DGITA
|
| 020 |
|
|
|a 9789587636987
|q digital
|
| 020 |
|
|
|z 9789587636994
|q impreso
|
| 043 |
|
|
|a s-ck---
|
| 050 |
1 |
4 |
|a BV659 ebook
|
| 100 |
1 |
|
|a Polo, Carlos,
|d 1973-
|e author.
|
| 245 |
1 |
3 |
|a El eudista y el antihéroe :
|b crónica de un viaje que no termina /
|c Carlos Polo.
|
| 264 |
|
1 |
|a Bogotá D. C. - Colombia :
|b Corporación Universitaria Minuto de Dios - UNIMINUTO,
|c [2023]
|
| 300 |
|
|
|a 1 online resource :
|b illustrations.
|
| 336 |
|
|
|a text
|b txt
|2 rdacontent
|
| 337 |
|
|
|a computer
|b c
|2 rdamedia
|
| 338 |
|
|
|a online resource
|b cr
|2 rdacarrier
|
| 347 |
|
|
|a text file
|2 rdaft
|
| 347 |
|
|
|b PDF
|
| 588 |
0 |
|
|a Online resource; title from PDF title page (Digitalia, viewed October 1, 2024)
|
| 650 |
|
0 |
|a Priests
|x History
|z Colombia.
|
| 650 |
|
0 |
|a Missionaries.
|
| 776 |
0 |
8 |
|i Print version:
|a Polo, Carlos, 1973-
|t Eudista y el antihéroe.
|d Bogotá D. C. - Colombia : Corporación Universitaria Minuto de Dios - UNIMINUTO, [2023]
|z 9789587636987
|
| 791 |
2 |
|
|a Digitalia (Firm),
|e distributor.
|
| 793 |
0 |
|
|g Digitalia eBook Collection:
|a Corporación Universitaria Minuto de Dios
|
| 856 |
4 |
0 |
|3 Digitalia Hispánica
|u https://www.digitaliapublishing.com/a/160769/
|
| 910 |
|
|
|a Premium collection: 2024
|